Najviac ľudí bez práce majú z kandidátov poľské regióny
Miera nezamestnanosti v členských a kandidátskych krajinách EÚ. Rozdiely v nezamestnanosti v jednotlivých regiónoch. Najnižšiu nezamestnanosť dosiahlo rakúske Tirolsko. Výrazné rozdiely sú aj medzi pristupujúcimi krajinami. Najhoršie sú na tom poľské regióny. Situácia na Slovensku - pomalý, ale stab...
Guardado en:
| Autor principal: | |
|---|---|
| Otros Autores: | |
| Formato: | Capítulo de libro |
| Lenguaje: | eslovaco |
| Materias: | |
| Etiquetas: |
Sin Etiquetas, Sea el primero en etiquetar este registro!
|
MARC
| LEADER | 00000naa$a2200000$$$4500 | ||
|---|---|---|---|
| 001 | 0003395 | ||
| 005 | 20230921115400.2 | ||
| 041 | 0 | |a slo | |
| 044 | |a SK | ||
| 245 | 1 | 0 | |a Najviac ľudí bez práce majú z kandidátov poľské regióny |c aut. Roman Schönwiesner, Zuzana Horníková |
| 520 | |a Miera nezamestnanosti v členských a kandidátskych krajinách EÚ. Rozdiely v nezamestnanosti v jednotlivých regiónoch. Najnižšiu nezamestnanosť dosiahlo rakúske Tirolsko. Výrazné rozdiely sú aj medzi pristupujúcimi krajinami. Najhoršie sú na tom poľské regióny. Situácia na Slovensku - pomalý, ale stabilný pokles nezamestnanosti. | ||
| 610 | 2 | 0 | |a nezamestnanosť |
| 610 | 2 | 0 | |a miera nezamestnanosti |
| 610 | 2 | 0 | |a regióny |
| 610 | 2 | 0 | |a Rakúsko |
| 610 | 2 | 0 | |a Slovensko |
| 610 | 2 | 0 | |a Poľsko |
| 610 | 2 | 0 | |a Európska únia |
| 100 | 1 | |a Schönwiesner, Roman | |
| 700 | 1 | |a Horníková, Zuzana | |